Piłkarska kariera Jerzego Brzęczka. - Statystyki

Ogólne statystyki
  • Ten quiz został rozwiązany 25 razy
  • Średni wynik to 5 z 14
Statystyki odpowiedzi
Lata Drużyna % Poprawnych
1992-1993 Lech Poznań
74%
1993-1995 Górnik Zabrze
65%
2007-2009 Górnik Zabrze
65%
? Raków Częstochowa
52%
1995-1995 GKS Katowice
35%
2009-2009 Polonia Bytom
35%
1988-1992 Olimpia Poznań
22%
1995-1998 Tirol Innsbruck
22%
2000-2002 Tirol Innsbruck
22%
2004-2007 Tirol Innsbruck
22%
1998-1999 LASK Linz
17%
2002-2004 Sturm Graz
17%
2004-2004 Karnten
4%
1999-2000 Maccabi Haifa
0%
Nie znaleziono quizów pasujących do podanych kryteriów
Rozkład punktacji
Procent ludzi z każdym wynikiem
Percentyl według liczby udzielonych odpowiedzi
Twoja historia wyników
Nie rozwiązałeś tego quizu